[Event "AUTO-OPEN-1514"]
[Site "http://www.queenalice.com/game.php?id=641762"]
[Date "2009.8.24"]
[Round "2"]
[White "claudiopsi"]
[Black "Bernobr"]
[Result "1-0"]
[WhiteElo "2024"]
[BlackElo "2006"]

1. e4 c5 2. Nf3 Nc6 3. d4 cxd4 4. Nxd4 d6 5. Nc3 a6 6. Be3 Nf6 7. f3 e6 8. Qd2
Be7 9. Bc4 Qc7 10. Nxc6 Qxc6 11. Bb3 O-O 12. O-O-O Bd7 13. Bf4 e5 14. Bg5 Rfc8
15. h4 b5 16. Bxf6 Bxf6 17. Bd5 Qc5 18. Bxa8 Rxa8 19. Qxd6 Qxd6 20. Rxd6 Be6 21.
Nd5 1-0

[Event "AUTO-OPEN-1514"]
[Site "http://www.queenalice.com/game.php?id=641765"]
[Date "2009.8.24"]
[Round "2"]
[White "DaarSchaaktTie"]
[Black "claudiopsi"]
[Result "1-0"]
[WhiteElo "1745"]
[BlackElo "2019"]

1. Nf3 d5 2. d4 Nf6 3. g3 Bg4 4. e3 c6 5. Bg2 e6 6. Nc3 Bb4 7. Qd3 Nbd7 8. Bd2
Bf5 9. Qe2 Bxc2 10. b3 Qa5 11. Rc1 Bxc3 12. Rxc2 Bxd2+ 13. Qxd2 Qxd2+ 14. Rxd2
1-0

[Event "AUTO-OPEN-1514"]
[Site "http://www.queenalice.com/game.php?id=641766"]
[Date "2009.8.24"]
[Round "2"]
[White "claudiopsi"]
[Black "DaarSchaaktTie"]
[Result "1-0"]
[WhiteElo "1992"]
[BlackElo "1772"]

1. Nc3 Nc6 2. Nf3 Nf6 3. d4 d6 4. e4 e5 5. dxe5 dxe5 6. Qxd8+ Kxd8 7. Bg5 Bb4 8.
O-O-O+ Ke7 9. Nd5+ Kf8 10. Nxc7 Nxe4 11. Nxa8 Nxf2 12. Bb5 Nxh1 13. Bxc6 f6 14.
Rd8+ Kf7 15. Rxh8 Be6 16. Nxe5+ fxe5 17. Be8# 1-0

[Event "AUTO-MASTER-782"]
[Site "http://www.queenalice.com/game.php?id=644090"]
[Date "2009.8.29"]
[Round "2"]
[White "claudiopsi"]
[Black "Catalin"]
[Result "0-1"]
[WhiteElo "2039"]
[BlackElo "2230"]

1. d4 d5 2. c4 e6 3. Nf3 Nf6 4. Nc3 Bb4 5. e3 O-O 6. Bd2 c5 7. a3 Bxc3 8. bxc3
cxd4 9. cxd5 dxe3 10. Bxe3 Nxd5 11. Bd2 b6 12. Qc2 Bb7 13. Be2 Nf6 14. O-O Be4
15. Qb2 Qc7 16. Rfd1 Nbd7 17. Nd4 e5 18. Nb5 Qc6 19. f3 a6 20. fxe4 axb5 21. Be3
Ra5 22. Qb4 Nc5 23. Rab1 Ncxe4 24. Rb3 Rfa8 25. Kh1 Qc7 26. Bxb5 Nc5 27. Bxc5
bxc5 28. Qh4 Rxa3 29. Rxa3 Rxa3 30. Qg3 Kf8 31. h3 c4 32. Re1 Qc5 33. Qxe5 Qxe5
34. Rxe5 Rxc3 35. Kg1 h5 36. Kf1 g6 37. Kf2 Rc2+ 38. Kf3 c3 39. Re2 Rb2 40. Bd3
Kg8 41. Rc2 Rxc2 42. Bxc2 Nd5 43. Ke2 Nb4 0-1

[Event "AUTO-MASTER-782"]
[Site "http://www.queenalice.com/game.php?id=644091"]
[Date "2009.8.29"]
[Round "2"]
[White "Catalin"]
[Black "claudiopsi"]
[Result "0-1"]
[WhiteElo "2190"]
[BlackElo "2039"]

1. e4 e5 2. Nf3 Nf6 3. Nxe5 d6 4. Nc4 Nxe4 5. d3 Nf6 6. Qe2+ Be7 7. Bf4 O-O 8.
Nbd2 Nd5 9. Be3 Nc6 10. O-O-O Be6 11. a4 Nxe3 12. Nxe3 a6 13. g3 Nd4 14. Qe1 Qd7
15. Bg2 Qxa4 16. Nf3 Nc6 17. b3 Qa2 18. Kd2 Bf6 19. Rb1 Nb4 20. Qd1 Nd5 21. Nxd5
Bxd5 22. Qe2 Rfe8 23. Qf1 Bxf3 24. Bxf3 Qa5+ 25. Kc1 Qg5+ 26. Kd1 Bc3 0-1

[Event "AUTO-MASTER-782"]
[Site "http://www.queenalice.com/game.php?id=644093"]
[Date "2009.8.29"]
[Round "2"]
[White "argondog"]
[Black "claudiopsi"]
[Result "1-0"]
[WhiteElo "2303"]
[BlackElo "2024"]

1. e4 c5 2. Nf3 e6 3. d4 cxd4 4. Nxd4 Nf6 5. Nc3 Nc6 6. Ndb5 d6 7. Bg5 a6 8. Na3
Be7 9. Nc4 b5 10. Bxf6 Bxf6 11. Ne3 b4 12. Na4 1-0

[Event "AUTO-MASTER-750"]
[Site "http://www.queenalice.com/game.php?id=645169"]
[Date "2009.8.31"]
[Round "2"]
[White "CCapivara"]
[Black "claudiopsi"]
[Result "1-0"]
[WhiteElo "2103"]
[BlackElo "2017"]

1. e4 c5 2. Nf3 Nc6 3. d4 cxd4 4. Nxd4 d6 5. Nc3 Nf6 6. Be2 e5 7. Ndb5 a6 8. Na3
Be6 9. Bg5 Be7 10. Bxf6 Bxf6 11. Nd5 O-O 12. c3 Bh4 13. O-O Ne7 14. g3 Bg5 15.
f4 exf4 16. gxf4 Bh4 17. Nc4 Nxd5 18. exd5 Bh3 19. Rf3 Bf5 20. Rf1 1-0

[Event "AUTO-MASTER-750"]
[Site "http://www.queenalice.com/game.php?id=645170"]
[Date "2009.8.31"]
[Round "2"]
[White "claudiopsi"]
[Black "CCapivara"]
[Result "1-0"]
[WhiteElo "2004"]
[BlackElo "2113"]

1. d4 d5 2. c4 e5 3. dxe5 d4 4. Nf3 Nc6 5. a3 Bg4 6. Nbd2 Nge7 7. g3 Ng6 8. Bg2
Be7 9. O-O Qd7 10. Qb3 O-O-O 11. Qa4 h5 12. b4 Kb8 13. Bb2 h4 14. b5 Ncxe5 15.
Bxd4 b6 16. Bxe5 hxg3 17. Bxg3 f5 18. Nd4 Qxd4 19. Qa6 Rd5 20. Bxd5 1-0

[Event "AUTO-MASTER-750"]
[Site "http://www.queenalice.com/game.php?id=645175"]
[Date "2009.8.31"]
[Round "2"]
[White "claudiopsi"]
[Black "RafaelCabral"]
[Result "0-1"]
[WhiteElo "2095"]
[BlackElo "2326"]

1. Nf3 Nf6 2. c4 c5 3. Nc3 Nc6 4. d3 g6 5. g3 Bg7 6. Bg2 O-O 7. O-O a6 8. Bf4
Nh5 9. Bd2 Rb8 10. Qc1 b5 11. cxb5 axb5 12. Bh6 d5 13. a4 b4 14. Nb5 Qb6 15.
Bxg7 Kxg7 16. Ng5 h6 17. Nf3 Ba6 18. Qc2 Rfc8 19. Rac1 Bxb5 20. axb5 Na7 21.
Rfe1 Nf6 22. Bh3 Rc7 23. e4 dxe4 24. dxe4 Nxb5 25. Qd2 Qb7 26. Bg2 Nxe4 27. Qe3
f5 28. g4 Nbd6 29. Nh4 Rf8 30. gxf5 gxf5 31. f3 f4 0-1

[Event "AUTO-MASTER-750"]
[Site "http://www.queenalice.com/game.php?id=645176"]
[Date "2009.8.31"]
[Round "2"]
[White "RafaelCabral"]
[Black "claudiopsi"]
[Result "1-0"]
[WhiteElo "2321"]
[BlackElo "2101"]

1. e4 e5 2. Nf3 Nc6 3. Bc4 Nf6 4. Ng5 Bc5 5. Bxf7+ Ke7 6. Bd5 Rf8 7. O-O d6 8.
h3 h6 9. Nf3 Nxd5 10. exd5 Nd4 11. Nxd4 Bxd4 12. c3 Bb6 13. d4 Qe8 14. dxe5 dxe5
15. b3 Kd8 16. Be3 Qg6 17. Kh2 Bf5 18. Qd2 Bd3 19. Rg1 Qd6 20. c4 e4+ 21. Kh1
Bxe3 22. fxe3 Qg3 23. Qb4 Rf2 24. Nc3 Rb8 25. Nd1 Rf6 26. Qe1 Qxe1 27. Rxe1 Ke7
28. Nb2 Rf2 29. Nxd3 exd3 30. Kg1 Rbf8 31. Rf1 Rd2 32. Rxf8 Kxf8 33. e4 1-0

[Event "AUTO-MASTER-789"]
[Site "http://www.queenalice.com/game.php?id=674511"]
[Date "2009.10.29"]
[Round "2"]
[White "Maxwell"]
[Black "claudiopsi"]
[Result "1-0"]
[WhiteElo "2173"]
[BlackElo "2075"]

1. d4 Nf6 2. Nf3 g6 3. c4 Bg7 4. Nc3 d5 5. cxd5 Nxd5 6. e4 Nxc3 7. bxc3 c5 8.
Be2 O-O 9. O-O Nc6 10. Be3 Qa5 11. Qc2 cxd4 12. cxd4 Bg4 13. Rfd1 Rad8 14. Rab1
Bxf3 15. Bxf3 1-0

[Event "AUTO-MASTER-789"]
[Site "http://www.queenalice.com/game.php?id=674512"]
[Date "2009.10.29"]
[Round "2"]
[White "claudiopsi"]
[Black "Maxwell"]
[Result "0-1"]
[WhiteElo "2088"]
[BlackElo "2163"]

1. e4 c5 2. Nf3 Nc6 3. Nc3 g6 4. d4 cxd4 5. Nxd4 Bg7 6. Be3 Nf6 7. f3 O-O 8. Qd2
a6 9. O-O-O Qc7 10. Kb1 e6 11. Bc4 b5 12. Bd3 Bb7 13. Nxc6 Bxc6 14. Bh6 b4 0-1

[Event "AUTO-MASTER-789"]
[Site "http://www.queenalice.com/game.php?id=674515"]
[Date "2009.10.29"]
[Round "2"]
[White "krystek23"]
[Black "claudiopsi"]
[Result "1-0"]
[WhiteElo "1985"]
[BlackElo "1984"]

1. c4 c5 2. Nc3 b6 3. e4 Bb7 4. Nf3 Nc6 5. d4 cxd4 6. Nxd4 Nf6 7. Bf4 Nxd4 8.
Qxd4 e6 9. Be2 Bc5 10. Qd3 d6 11. Bf3 e5 12. Be3 Bxe3 13. Qxe3 O-O 14. O-O Qc7
15. b3 a6 16. Rac1 Rac8 17. Nd5 Bxd5 18. cxd5 Qb7 19. h3 Nd7 20. Bg4 Rxc1 21.
Rxc1 Nf6 22. Bf3 b5 23. Rc6 Rd8 24. Qc3 b4 25. Qd3 a5 26. Qc4 g6 27. Rc7 Qb6 28.
Kf1 1-0

[Event "AUTO-MASTER-789"]
[Site "http://www.queenalice.com/game.php?id=674516"]
[Date "2009.10.29"]
[Round "2"]
[White "claudiopsi"]
[Black "krystek23"]
[Result "1-0"]
[WhiteElo "1971"]
[BlackElo "2011"]

1. Nf3 Nf6 2. g3 g6 3. Bg2 c5 4. O-O Bg7 5. d3 O-O 6. e4 Nc6 7. Bg5 h6 8. Bxf6
Bxf6 9. c3 b6 10. Nbd2 Bb7 11. Nc4 d6 12. Ne3 Qd7 13. h3 Rac8 14. Nd5 Bg7 15.
Qd2 Kh7 16. Rac1 e6 17. Nf4 Ne5 18. d4 cxd4 19. cxd4 Nxf3+ 20. Bxf3 Qa4 21. b4
Qxb4 22. Qxb4 1-0

[Event "AUTO-MASTER-789"]
[Site "http://www.queenalice.com/game.php?id=674519"]
[Date "2009.10.29"]
[Round "2"]
[White "claudiopsi"]
[Black "gipmachado"]
[Result "1-0"]
[WhiteElo "2095"]
[BlackElo "1853"]

1. e4 e5 2. Nc3 Nf6 3. f4 exf4 4. Nf3 d5 5. exd5 Nxd5 6. Bc4 Nxc3 7. bxc3 Be7 8.
O-O O-O 9. d4 c5 10. Bxf4 Bg4 11. Qd3 Nd7 12. Rae1 Bxf3 13. Rxf3 Nb6 14. Rh3 g6
15. Bh6 Re8 16. Rf3 Nd5 17. Rxf7 Kxf7 18. Qf3+ Kg8 19. Bxd5+ 1-0

[Event "AUTO-MASTER-789"]
[Site "http://www.queenalice.com/game.php?id=674520"]
[Date "2009.10.29"]
[Round "2"]
[White "gipmachado"]
[Black "claudiopsi"]
[Result "0-1"]
[WhiteElo "1860"]
[BlackElo "2088"]

1. e4 c6 2. d4 d5 3. Nc3 dxe4 4. Nxe4 Nd7 5. Nf3 Ngf6 6. Nxf6+ Nxf6 7. Be2 Bf5
8. O-O e6 9. Bg5 Be7 10. c4 h6 11. Bh4 O-O 12. Ne5 c5 13. dxc5 Qc7 14. Nd3 Rad8
15. Qb3 Bxd3 16. Bxd3 Bxc5 17. Bg3 e5 18. Rfe1 b6 0-1

[Event "AUTO-OPEN-1369"]
[Site "http://www.queenalice.com/game.php?id=693548"]
[Date "2009.12.5"]
[Round "3"]
[White "claudiopsi"]
[Black "dante72"]
[Result "0-1"]
[WhiteElo "2023"]
[BlackElo "1753"]

1. Nf3 d5 2. d4 Nc6 3. Bf4 h6 4. Nc3 e6 5. e3 a6 6. h3 Bb4 7. Bd3 Nge7 8. a3
Bxc3+ 9. bxc3 Ng6 10. Bxg6 fxg6 11. Qd3 Ne7 12. Ne5 g5 13. Bh2 O-O 14. O-O Bd7
15. f4 Bb5 16. c4 dxc4 17. Qd1 Nd5 18. Rf3 gxf4 19. exf4 Qf6 20. c3 Be8 21. Qe1
Bh5 22. Rf2 Rad8 23. Nxc4 Be8 0-1

[Event "AUTO-OPEN-1369"]
[Site "http://www.queenalice.com/game.php?id=693549"]
[Date "2009.12.5"]
[Round "3"]
[White "dante72"]
[Black "claudiopsi"]
[Result "1-0"]
[WhiteElo "1780"]
[BlackElo "1996"]

1. d4 Nf6 2. Nc3 c5 3. e3 e6 4. h3 Nc6 5. a3 d5 6. Bb5 Bd7 7. Bxc6 Bxc6 8. Nge2
Be7 9. O-O O-O 10. Ng3 Rc8 11. Nce2 cxd4 12. exd4 Qb6 13. c3 a6 14. a4 Bd6 15.
b4 Rfe8 16. Bg5 Bxg3 17. Bxf6 Bd6 18. Bh4 e5 19. a5 Qc7 20. Bg3 e4 21. Bxd6 Qxd6
22. Ng3 Qg6 23. Rc1 Bb5 24. Re1 e3 25. Nh1 1-0

[Event "AUTO-OPEN-1514"]
[Site "http://www.queenalice.com/game.php?id=703598"]
[Date "2009.12.26"]
[Round "3"]
[White "claudiopsi"]
[Black "majersesc"]
[Result "0-1"]
[WhiteElo "2031"]
[BlackElo "2243"]

1. d4 Nf6 2. c4 e6 3. Nc3 d5 4. Nf3 c6 5. Bg5 Be7 6. e3 Nbd7 7. Bd3 h6 8. Bf4 a6
9. c5 Nh5 10. Bg3 Nxg3 11. hxg3 e5 0-1

[Event "AUTO-OPEN-1514"]
[Site "http://www.queenalice.com/game.php?id=703599"]
[Date "2009.12.26"]
[Round "3"]
[White "majersesc"]
[Black "claudiopsi"]
[Result "1-0"]
[WhiteElo "2255"]
[BlackElo "1989"]

1. d4 d5 2. c4 c6 3. e3 Bf5 4. Nc3 e6 5. Nf3 h6 6. Qb3 Qc7 7. Bd2 Nf6 8. cxd5
exd5 9. Rc1 Qb6 10. Na4 Qxb3 11. axb3 Nbd7 12. b4 Bd6 13. Nc5 O-O-O 14. Ra1 Kb8
15. Be2 1-0